Statistics for General Knowledge Quiz 2

Click here to take the quiz!

General Stats

  • This quiz has been taken 48 times
    (19 since last reset)
  • The average score is 5 of 10

Answer Stats

QuestionAnswer% Correct
What is the capital of norway ?Oslo
100%
In the Civil war , who was for slavery ?Confederates
78%
Martin Luther King was killed in ?1968
61%
Who won the 2017 oscar ?Gary Oldman
56%
Harry Potter and the goblet of fire is the ... Book of Harry Potter seriesFourth
50%
Which is the name that French like the most ?Marie
50%
who won wimbledon 2019Novak Djokovik
44%
Who was the last French president ?François Hollande
28%
Who won the last Champions League ?Real Madrid
28%
Wich French star is hurt in the 2019 hanball world cup ?Nikola Karabatic
11%

Score Distribution

Percentile by Number Answered

Percent of People with Each Score

Your Score History

You have not taken this quiz since the last reset